000 00668pam a2200217 a 4500
008
020 _a0684804662 (set)
049 0 _aMAIN
050 0 0 _aREF DT351
_bENC
245 0 0 _aEncyclopedia of Africa south of the Sahara /
_cJohn Middleton, editor in chief.
260 _aNew York :
_bC. Scribner's Sons,
_cc1997.
300 _a4 v. :
_bill. ;
_c29 cm.
504 _aIncludes bibliographical references and index.
651 0 _aAfrica, Sub-Saharan
_vEncyclopedias.
700 1 _aMiddleton, John.
907 _a.b10228305
_b20-04-12
_c30-01-07
003
005 20230120191427.0
040 _cNUST
942 _cBOOKS
999 _c100939
_d100939